000 00688nam a2200181Ia 4500
001 22925
003 GE_BSU
008 181216s||||||||xx |||||||||||||| ||und||
040 _cGE_BSU
245 _aსაქართველოს საინჟინრო სიახლენი. № 2 (vol.82). 2017
245 _cრედაქტორი: ვლადიმირ დოლიძე
260 _aთბილისი
260 _c2017
300 _a196 გვ. 30სმ.
653 _aGeorgian engineering news ჟურნალი:
653 _aსაქართველოს საინჟინრო სიახლენი. № 2 (vol.82). 2017
942 _cCR
999 _c55828
_d55828